Objavovanie slov

Bibliographic Details
Main Author: Paetsch, martin (Author)
Format: Article
Language:Slovak
PhysicalDescription:Fotogr.
ISSN:1336-8001
Subjects:

MARC

LEADER 00000nab a2200000 ar4500
001 vtls010129449
003 SK-MaSNL
005 20260303093518.0
008 100907c2010 xo ||||||||||||00 b|slo
015 |a SNBRB2010/09  |2 snkbucl 
038 |a SNKBUCL 
040 |a SNKBUCL  |b slo  |c SNKBUCL  |e AACR2 
041 0 |a slo 
044 |a xo  |c SK 
080 |a 81(091)  |2 2001 
100 1 |a Paetsch, martin  |4 aut  |9 1044817 
245 1 0 |a Objavovanie slov  |c Martin Paetsch 
300 |b Fotogr. 
650 0 7 |a jazyk  |2 snkbucl  |9 22980 
650 0 7 |a vývoj jazyka  |2 snkbucl  |9 68207 
650 0 7 |a ľudská reč  |2 snkbucl  |9 1104784 
650 0 7 |a dorozumievanie  |2 snkbucl  |9 1104785 
773 0 |t GEO  |g Roč. 6, č. 7 (2010), s. 28-35  |x 1336-8001 
852 |a SNK  |b KIS3GCP 
999 |c 1815921  |d 1817851